Central Library OPAC University of Rajshahi

Tensor calculus / (Record no. 69556)

MARC details
000 -LEADER
fixed length control field 00819nam a2200265 a 4500
001 - CONTROL NUMBER
control field 69556
003 - CONTROL NUMBER IDENTIFIER
rucl marc code BD-RjUL
005 - DATE AND TIME OF LATEST TRANSACTION
control field 20211209081913.0
008 - FIXED-LENGTH DATA ELEMENTS--GENERAL INFORMATION
fixed length control field 170412s1952 onc b 001 0 eng d
035 ## - SYSTEM CONTROL NUMBER
System control number (BD-RjUL)69768
040 ## - CATALOGING SOURCE
Original cataloging agency BD-RjUL
Language of cataloging eng
Transcribing agency BD-RjUL
041 ## - LANGUAGE CODE
Language code of text/sound track or separate title eng
082 ## - DEWEY DECIMAL CLASSIFICATION NUMBER
Edition number 23
Classification number 515.63
Author mark and year SYT 1952
100 1# - MAIN ENTRY--PERSONAL NAME
Personal name Synge, J. L.
Fuller form of name (John Lighton),
Dates associated with a name 1897-1995.
9 (RLIN) 154391
245 10 - TITLE STATEMENT
Title Tensor calculus /
Statement of responsibility, etc. by J.L. Synge and A. Schild.
250 ## - EDITION STATEMENT
Edition statement 2nd ed.
260 ## - PUBLICATION, DISTRIBUTION, ETC. (IMPRINT)
Place of publication, distribution, etc. Toronto :
Name of publisher, distributor, etc. University of Toronto Press,
Date of publication, distribution, etc. 1952.
300 ## - PHYSICAL DESCRIPTION
Pagination xi, 324 p. :
Illustrations ill. ;
Size 22 cm.
490 1# - SERIES STATEMENT
Series statement Mathematical expositions ;
Volume/sequential designation no. 5
500 ## - GENERAL NOTE
General note Includes index.
650 #0 - SUBJECT ADDED ENTRY--TOPICAL TERM
Topical term or geographic name as entry element Calculus of tensors.
9 (RLIN) 121106
700 1# - ADDED ENTRY--PERSONAL NAME
Personal name Schild, Alfred,
Dates associated with a name 1921-
830 #0 - SERIES ADDED ENTRY--UNIFORM TITLE
Uniform title Mathematical expositions ;
Volume number/sequential designation no. 5
942 ## - ADDED ENTRY ELEMENTS (KOHA)
Source of classification or shelving scheme Dewey Decimal Classification
Koha item type Books
Holdings
Lost status Source of classification or shelving scheme Damaged status Not for loan Collection code Permanent Location Current Location Shelving location Date acquired Source of acquisition Cost, normal purchase price Total Checkouts Full call number Date last seen Copy number Koha item type
  Dewey Decimal Classification   Not For Loan Non-fiction Central Library, University of Rajshahi Central Library, University of Rajshahi Reading Room 21/07/1955 O.U.P 26.00   515.63 SYT 1952 12/04/2017 C-1 Books